LIBRARY & INFORMATION CENTRE, KCAET, TAVANUR

ONLINE PUBLIC ACCESS CATALOGUE (OPAC)

Text Book of Environment and Ecology (Record no. 14154)

MARC details
000 -LEADER
fixed length control field 00330nam a22001337a 4500
020 ## - INTERNATIONAL STANDARD BOOK NUMBER
ISBN 9788131511992
082 ## - DEWEY DECIMAL CLASSIFICATION NUMBER
Classification number 581.5
Item number DAV/TE
100 ## - MAIN ENTRY--AUTHOR NAME
Personal name Dave, Deekha
-- Katewa, S S
245 ## - TITLE STATEMENT
Title Text Book of Environment and Ecology
250 ## - EDITION STATEMENT
Edition statement 2
260 ## - PUBLICATION, DISTRIBUTION, ETC. (IMPRINT)
Place of publication United Kindom
Name of publisher Cengage Learning
Year of publication 2010
300 ## - PHYSICAL DESCRIPTION
Number of Pages 208
942 ## - ADDED ENTRY ELEMENTS (KOHA)
Koha item type Books
Holdings
Withdrawn status Lost status Damaged status Home library Current library Date acquired Full call number Accession Number Koha item type
      KAUAET KAUAET 26/08/2022 581.5 DAV/TE 24130 Books
free website counter